[Event "Guernsey Open"]
[Site "Guernsey"]
[Date "2001.10.25"]
[Round "5"]
[White "Keely, Roger"]
[Black "Vickery, Jim"]
[Result "1/2-1/2"]
[WhiteElo "2041"]
[BlackElo "2218"]
[PlyCount "95"]
[EventDate "2001.10.21"]

1. e4 Nf6 2. e5 Nd5 3. c4 Nb6 4. d4 d6 5. exd6 exd6 6. Be3 Be7 7. Bd3 Bf6 8.
Nd2 Nc6 9. Ngf3 Bg4 10. Qb1 Bh5 11. O-O Bg6 12. Re1 O-O 13. b3 d5 14. c5 Nd7
15. a3 Ne7 16. b4 c6 17. Bf4 Bxd3 18. Qxd3 Ng6 19. Bd6 Re8 20. Rxe8+ Qxe8 21.
Re1 Qd8 22. a4 a6 {(=)} 23. Qf5 Ndf8 24. Ne5 Bxe5 25. Bxe5 Nxe5 26. Qxe5 Ne6
27. Nb3 Qd7 28. f4 Re8 29. Kf2 Kf8 30. g3 Nd8 31. Qxe8+ Qxe8 32. Rxe8+ Kxe8 33.
Na5 f5 34. h3 Kf7 35. Ke3 Kf6 36. Nb3 h6 37. Nd2 Ne6 38. Nf3 Nf8 39. Ne5 Ke6
40. Kd3 Ke7 41. Kc3 Ne6 42. h4 Nc7 43. Kd3 Kf6 44. Nd7+ Ke7 45. Ne5 Kf6 46. Ke3
Ke7 47. h5 Kf6 48. Kf3 1/2-1/2

[Event "Guernsey Open"]
[Site "Guernsey"]
[Date "2001.10.25"]
[Round "5"]
[White "Kemp, Paul M"]
[Black "Wismayer, Clive"]
[Result "1-0"]
[WhiteElo "2032"]
[BlackElo "2105"]
[PlyCount "77"]
[EventDate "2001.10.21"]

1. d4 e6 2. Nf3 f5 3. c4 Nf6 4. g3 c6 5. Bg2 d5 6. O-O Bd6 7. b3 Qe7 8. Bb2 O-O
9. Nbd2 Ne4 10. Ne5 Nxd2 11. Qxd2 Nd7 12. Rac1 Nf6 13. Qd3 Bd7 14. f3 Rac8 15.
Nxd7 Qxd7 16. e4 Be7 17. Rc2 Rfd8 18. Re2 b6 19. a3 Nh5 20. Rfe1 Bf6 21. cxd5
cxd5 22. exf5 exf5 23. Re6 g6 24. a4 Kf7 25. Bh3 Ng7 26. R6e2 Re8 27. Bf1 Rxe2
28. Rxe2 Re8 29. Kf2 Rxe2+ 30. Bxe2 Ne6 31. Qd2 Qd6 32. Ba6 Kg8 33. Qe3 Kf7 34.
Ke2 Qb4 35. Bb7 Bxd4 36. Bxd4 Nxd4+ 37. Kd3 Nxb3 38. Bxd5+ Kf6 39. Qe6+ 1-0

[Event "Guernsey Open"]
[Site "Guernsey"]
[Date "2001.10.26"]
[Round "6"]
[White "Gormally, Daniel"]
[Black "Hillarp Persson, Tiger"]
[Result "1/2-1/2"]
[WhiteElo "2505"]
[BlackElo "2450"]
[PlyCount "25"]
[EventDate "2001.10.21"]

1. d4 g6 2. Nf3 Bg7 3. c4 Nf6 4. Nc3 O-O 5. g3 d6 6. Bg2 Nbd7 7. O-O e5 8. e4
c6 9. h3 exd4 10. Nxd4 Qa5 11. Nde2 Ne8 {(=)} 12. Bd2 Ne5 13. b3 1/2-1/2

[Event "Guernsey Open"]
[Site "Guernsey"]
[Date "2001.10.26"]
[Round "6"]
[White "Havenaar, Jan"]
[Black "Lalic, Susan"]
[Result "1/2-1/2"]
[WhiteElo "2235"]
[BlackElo "2351"]
[PlyCount "42"]
[EventDate "2001.10.21"]

1. Nc3 d5 2. e4 c6 3. Nf3 g6 4. h3 Bg7 5. d4 Nf6 6. e5 Ne4 7. Nxe4 dxe4 8. Ng5
c5 9. Bb5+ Nc6 10. Bxc6+ bxc6 11. dxc5 Qxd1+ 12. Kxd1 Bxe5 13. Nxe4 Bf5 14. f3
O-O-O+ 15. Ke2 Bxe4 16. fxe4 Rd4 17. Kf3 Rc4 18. c3 Rxc5 19. Be3 Rb5 20. b3 Rd8
21. Rhd1 a5 1/2-1/2

[Event "Guernsey Open"]
[Site "Guernsey"]
[Date "2001.10.26"]
[Round "6"]
[White "Doell, Detlef"]
[Black "Corkett, Anthony"]
[Result "0-1"]
[WhiteElo "2108"]
[BlackElo "2300"]
[PlyCount "132"]
[EventDate "2001.10.21"]

1. e4 c5 2. c4 Nc6 3. Ne2 g6 4. d4 cxd4 5. Nxd4 Bg7 6. Be3 Nf6 7. Nc3 O-O 8.
Be2 d6 9. f3 Bd7 10. Qd2 Nxd4 11. Bxd4 a5 12. b3 Bc6 13. O-O Nd7 14. Rfe1 Nc5
15. Rad1 Qb6 16. Nd5 Bxd5 17. exd5 a4 18. Rb1 axb3 19. axb3 Nxb3 20. Bxb6 Nxd2
21. Rb5 Rfc8 22. Bf2 Nxc4 23. Rxb7 Bf6 24. f4 Nb2 25. g4 Rab8 26. Ra7 h6 27. h4
g5 28. hxg5 hxg5 29. f5 Nc4 30. Rc1 Ne5 31. Rxc8+ Rxc8 32. Be3 Rc2 33. Kf1 Nc4
34. Ra8+ Kg7 35. Kf2 Nxe3 36. Kxe3 {(=)} Be5 37. Ra3 Kf6 38. Bf3 Bb2 39. Ra4
Rc3+ 40. Ke2 Bc1 41. Rb4 Ba3 42. Ra4 Bc5 43. Re4 Rc2+ 44. Kd3 Ra2 45. Rc4 Ra3+
46. Rc3 Ra1 47. Rc4 Rf1 48. Be2 Rg1 49. Bf3 Ra1 50. Be2 Ra3+ 51. Rc3 Ra5 52.
Rc4 Bg1 53. Bf3 Bh2 54. Rc7 Bf4 55. Rc4 Ra3+ 56. Rc3 Ra7 57. Rc4 Be5 58. Rc2
Ra3+ 59. Ke2 Bd4 60. Rd2 Re3+ 61. Kf2 Ke5 62. Re2 Rxe2+ 63. Kxe2 Kf4 64. Bh1
Kxg4 65. Kd3 Be5 66. Ke4 Kg3 0-1

[Event "Guernsey Open"]
[Site "Guernsey"]
[Date "2001.10.26"]
[Round "6"]
[White "Bellin, Robert"]
[Black "Burrows, Martin"]
[Result "1-0"]
[WhiteElo "2359"]
[BlackElo "2157"]
[PlyCount "99"]
[EventDate "2001.10.21"]

1. d4 e6 2. c4 f5 3. g3 Nf6 4. Bg2 d5 5. Nh3 c6 6. O-O Bd6 7. Qc2 O-O 8. Bf4
Be7 9. Nd2 h6 10. Bxb8 Rxb8 11. Nf4 Qe8 12. Nf3 g5 13. Nd3 Bd6 14. Nfe5 Nd7 15.
e3 Nxe5 16. dxe5 Be7 17. Rfd1 Qf7 18. Rac1 Qg7 19. f4 h5 20. Qb3 Kh8 21. cxd5
exd5 22. Rxc6 bxc6 23. Qxb8 gxf4 24. exf4 Bd8 25. Kh1 Bb6 26. Qd6 Ba6 27. e6
Rd8 28. e7 Rxd6 29. e8=Q+ Kh7 30. Qxh5+ Kg8 31. Ne5 d4 32. Bf1 Bxf1 33. Rxf1 d3
34. Qxf5 d2 35. Rd1 Qb7 36. Qe4 Kg7 37. b3 Qc8 38. Kg2 Qe8 39. Qe2 Qd8 40. Nf3
Ba5 41. Qe5+ Kg8 42. a3 Rd3 43. b4 Rxf3 44. Kxf3 Qd3+ 45. Qe3 Qd5+ 46. Qe4 Qb3+
47. Ke2 Bb6 48. Rxd2 Qxa3 49. Qe8+ Kg7 50. Rd7+ 1-0

[Event "Guernsey Open"]
[Site "Guernsey"]
[Date "2001.10.26"]
[Round "6"]
[White "Arkell, Keith"]
[Black "Lock, Gavin"]
[Result "1-0"]
[WhiteElo "2457"]
[BlackElo "2153"]
[PlyCount "71"]
[EventDate "2001.10.21"]

1. d4 d5 2. c4 c6 3. Nf3 Nf6 4. Nc3 e6 5. cxd5 exd5 6. Bg5 h6 7. Bh4 Bf5 8. e3
Qb6 9. Qc1 Nbd7 10. Be2 g5 11. Bg3 Nh5 12. Be5 Ng7 13. Bg3 Nh5 14. Be5 Ng7 15.
O-O Nxe5 16. Nxe5 Bd6 17. Bf3 Qc7 18. e4 dxe4 19. Nxe4 Be7 20. Re1 O-O 21. Ng3
Bd6 22. h4 f6 23. Nxf5 Nxf5 24. Ng6 Rfe8 25. Qc2 Ng7 26. Be2 b5 27. Bf3 Rxe1+
28. Rxe1 Re8 29. Rxe8+ Nxe8 30. Bxc6 Kg7 31. h5 Qf7 32. Bxb5 Qxa2 33. g3 Nc7
34. Bc4 Qa1+ 35. Kg2 Qe1 36. Ne5 1-0

[Event "Guernsey Open"]
[Site "Guernsey"]
[Date "2001.10.26"]
[Round "6"]
[White "Dijksterhuis, Rolf"]
[Black "Ballon, Guenther Jan"]
[Result "1/2-1/2"]
[WhiteElo "2128"]
[BlackElo "2220"]
[PlyCount "36"]
[EventDate "2001.10.21"]

1. e4 e5 2. Nf3 Nc6 3. d4 exd4 4. Bc4 Nf6 5. O-O Nxe4 6. Re1 d5 7. Bxd5 Qxd5 8.
Nc3 Qa5 9. Nxe4 Be6 10. Bd2 Bb4 11. Nxd4 Bxd2 12. Nxc6 bxc6 13. Qxd2 Qxd2 14.
Nxd2 O-O-O 15. Ne4 Rd5 16. f3 Bf5 17. Kf2 Rhd8 18. Re3 Bxe4 1/2-1/2

[Event "Guernsey Open"]
[Site "Guernsey"]
[Date "2001.10.26"]
[Round "6"]
[White "Westerkamp, Bert"]
[Black "Janse, Jan Jaap"]
[Result "1/2-1/2"]
[WhiteElo "2139"]
[BlackElo "2272"]
[PlyCount "71"]
[EventDate "2001.10.21"]

1. Nf3 d6 2. g3 c6 3. Bg2 e5 4. d3 f5 5. c4 Nf6 6. Nc3 Qc7 7. O-O Be7 8. b3 Be6
9. Bb2 Nbd7 10. Ng5 Nf8 11. Nxe6 Nxe6 12. e3 h5 13. Bh3 g6 14. f4 Ng4 15. Qe2
O-O-O 16. Rad1 exf4 17. gxf4 Bf6 18. Bxg4 hxg4 19. Nd5 cxd5 20. Bxf6 dxc4 21.
Rc1 Qh7 22. Rxc4+ Kb8 23. Qg2 d5 24. Rc2 d4 25. Bxd8 Rxd8 26. e4 Qd7 27. Rfc1
Nxf4 28. Qg3 Qd6 29. exf5 gxf5 30. Rf1 Nh3+ 31. Kh1 Qxg3 32. hxg3 Ng5 33. Rxf5
Nf3 34. Rxf3 gxf3 35. Rf2 Rf8 36. Kh2 1/2-1/2

[Event "Guernsey Open"]
[Site "Guernsey"]
[Date "2001.10.26"]
[Round "6"]
[White "Deva, Chetan"]
[Black "Almond, Richard"]
[Result "1/2-1/2"]
[WhiteElo "2075"]
[BlackElo "2136"]
[PlyCount "43"]
[EventDate "2001.10.21"]

1. d4 d5 2. c4 e6 3. Nf3 Nf6 4. Nc3 Be7 5. Bg5 O-O 6. e3 Nbd7 7. Rc1 h6 8. Bh4
a6 9. c5 c6 10. Bd3 e5 11. dxe5 Ne8 12. Bg3 Nxc5 13. Bb1 g6 14. Nd4 Ng7 15. Bf4
Kh7 16. g4 Nce6 17. Bg3 Nxd4 18. exd4 Bh4 19. f4 f5 20. Qd3 Be6 21. Ne2 Be7 22.
h3 1/2-1/2

[Event "Guernsey Open"]
[Site "Guernsey"]
[Date "2001.10.26"]
[Round "6"]
[White "Kitchlew, Andrew"]
[Black "Von Saldern, Ruediger"]
[Result "0-1"]
[WhiteElo "2059"]
[BlackElo "2133"]
[PlyCount "78"]
[EventDate "2001.10.21"]

1. d4 d5 2. e3 Nf6 3. Bd3 e6 4. Nf3 c5 5. c3 Nbd7 6. Nbd2 Bd6 7. O-O O-O 8. e4
dxe4 9. Nxe4 Nxe4 10. Bxe4 Nf6 11. Bg5 h6 12. Bh4 cxd4 13. Qxd4 Bxh2+ 14. Kxh2
Qxd4 15. cxd4 Nxe4 16. Rfe1 Nf6 17. Bxf6 gxf6 18. Re4 f5 19. Rh4 Kg7 20. Rc1
Bd7 21. Ne5 Rad8 22. Rc3 Bc8 23. Rg3+ Kf6 24. Rxh6+ Ke7 25. Rg7 Rxd4 26. Rhh7
Kf6 27. Nxf7 Rd7 28. g4 Rdxf7 29. g5+ Ke7 30. Kg3 Rxg7 31. Rxg7+ Kd6 32. g6 e5
33. Kh4 Ke6 34. Kg5 e4 35. Rc7 Bd7 36. g7 Rg8 37. Kg6 Be8+ 38. Kh7 Bf7 39. Rxb7
Kf6 0-1

[Event "Guernsey Open"]
[Site "Guernsey"]
[Date "2001.10.26"]
[Round "6"]
[White "Keeling, Karen"]
[Black "Buckley, Graeme"]
[Result "0-1"]
[WhiteElo "2048"]
[BlackElo "2409"]
[PlyCount "74"]
[EventDate "2001.10.21"]

1. c4 b6 2. Nc3 Bb7 3. e4 e6 4. Nge2 g6 5. g3 Bg7 6. Bg2 Ne7 7. O-O O-O 8. d3
d6 9. Be3 h6 10. Qd2 Kh7 11. Bd4 Bxd4 12. Nxd4 c5 13. Nde2 e5 14. f4 Nd7 15. h3
Bc6 16. Rf2 a6 17. Raf1 Rg8 18. Nd5 Bxd5 19. exd5 Rg7 20. b3 Qc8 21. Kh2 f5 22.
Bf3 Ng8 23. fxe5 dxe5 24. Nc3 Ngf6 25. Qc2 Qf8 26. Bg2 Qd6 27. Kh1 h5 28. Ne2
h4 29. Qd2 Rh8 30. Qg5 hxg3 31. Nxg3 f4 32. Ne4 Nxe4 33. Bxe4 Kg8 34. Bf3 Rxh3+
35. Rh2 Rxh2+ 36. Kxh2 Qf6 37. Qg4 Qf5 0-1

[Event "Guernsey Open"]
[Site "Guernsey"]
[Date "2001.10.26"]
[Round "6"]
[White "Thurlow, Kevin"]
[Black "Goldberg, Menashe"]
[Result "1/2-1/2"]
[WhiteElo "2193"]
[BlackElo "2046"]
[PlyCount "69"]
[EventDate "2001.10.21"]

1. Nf3 Nc6 2. b3 d5 3. Bb2 d4 4. e3 e5 5. Be2 Nf6 6. O-O Be7 7. Na3 O-O 8. Nc4
Qd5 9. a4 Ne8 10. Re1 Nd6 11. h3 Re8 12. exd4 exd4 13. Nxd6 Qxd6 14. Bb5 Bd7
15. Bxc6 Bxc6 16. Nxd4 Bf6 17. Nxc6 Bxb2 18. Rb1 Qf6 19. Na5 Bd4 20. Rxe8+ Rxe8
21. Qf1 Qf5 22. Nc4 Qxc2 23. Ne3 Qxd2 24. Rd1 Qc3 25. Qb5 c6 26. Qxb7 Bxe3 27.
fxe3 Qxe3+ 28. Kh1 Qb6 29. Qd7 Rf8 30. Rd3 Qf2 31. Rf3 Qe1+ 32. Kh2 Qe5+ 33.
Kg1 Qe1+ 34. Kh2 Qe5+ 35. Kg1 1/2-1/2

[Event "Guernsey Open"]
[Site "Guernsey"]
[Date "2001.10.26"]
[Round "6"]
[White "Spanton, Timothy"]
[Black "Weighell, Mark"]
[Result "0-1"]
[WhiteElo "2039"]
[BlackElo "2124"]
[PlyCount "110"]
[EventDate "2001.10.21"]

1. e4 e5 2. Bc4 Nf6 3. d3 Bc5 4. Nc3 d6 5. f4 Ng4 6. f5 h5 7. Nf3 Nf2 8. Qe2
Nxh1 9. Ng5 Nc6 10. Bxf7+ Kf8 11. Bxh5 Nd4 12. Qg4 Nxc2+ 13. Ke2 g6 14. Nh7+
Rxh7 15. Qxg6 Nd4+ 16. Kf1 Rxh5 17. Qxh5 Qf6 18. Nd5 Nxf5 19. Nxf6 Nfg3+ 20.
hxg3 Nxg3+ 21. Ke1 Nxh5 22. Nxh5 Kf7 23. Bd2 Bg4 24. Ng3 Ke6 25. b4 Bb6 26. a4
Rf8 27. Nh1 c6 28. Rc1 Rf7 29. a5 Bd4 30. a6 c5 31. b5 b6 32. Bc3 Be3 33. Rc2
d5 34. Bd2 Bd4 35. Bg5 dxe4 36. dxe4 Kd6 37. Rc1 Bd7 38. Rb1 Rg7 39. Bd2 Rxg2
40. Kd1 Rg1+ 41. Kc2 Rxb1 42. Kxb1 Bxb5 43. Ng3 Bxa6 44. Nf5+ Ke6 45. Nxd4+
exd4 46. Kc2 Ke5 47. Be1 Kxe4 48. Bg3 d3+ 49. Kd1 c4 50. Bb8 b5 51. Bxa7 c3 52.
Bc5 Kd5 53. Be7 Kc4 54. Kc1 Kb3 55. Bg5 Bb7 0-1

[Event "Guernsey Open"]
[Site "Guernsey"]
[Date "2001.10.26"]
[Round "6"]
[White "Wismayer, Clive"]
[Black "Hughes, Andrew"]
[Result "1-0"]
[WhiteElo "2105"]
[BlackElo "2046"]
[PlyCount "149"]
[EventDate "2001.10.21"]

1. e4 c5 2. Nf3 e6 3. b3 Nc6 4. Bb2 Nf6 5. e5 Nd5 6. Bb5 Qc7 7. O-O a6 8. Bxc6
Qxc6 9. d3 b5 10. Nbd2 Bb7 11. Ne4 Be7 12. c4 Nf4 13. Qd2 Nxd3 14. Qxd3 Qxe4
15. Qxe4 Bxe4 16. Nd2 Bc6 17. Rad1 O-O 18. Rfe1 Rad8 19. Ne4 Bxe4 20. Rxe4 d5
21. exd6 Rxd6 22. Rxd6 Bxd6 23. Kf1 Rd8 24. Ke2 Bc7 25. cxb5 axb5 26. a4 b4 27.
Re3 Rd5 28. Rd3 f6 29. Bc1 Bd6 30. Be3 Kf7 31. a5 Bc7 32. Rxd5 exd5 33. Bxc5
Bxa5 34. Kd3 Ke6 35. Kd4 g6 36. g3 h5 37. h3 f5 38. f3 Bc7 39. g4 fxg4 40. fxg4
hxg4 41. hxg4 Be5+ 42. Ke3 Bc3 43. Bb6 Be5 44. Kf3 Bf6 45. Bc5 Be7 46. Bd4 Bd6
47. Be3 Be7 48. Bd2 Ke5 49. Be3 Bf8 50. Bf2 d4 51. Bg3+ Kd5 52. Bf4 Bc5 53. Bd2
d3 54. Be1 Bd4 55. Bxb4 Ke5 {(=)} 56. Bd2 Bb6 57. Be3 Ba5 58. Bc5 Bd2 59. b4
Kd5 60. Be7 Kd4 61. b5 Kc3 62. b6 Bc1 63. b7 d2 64. Bb4+ Kxb4 65. b8=Q+ Kc3 66.
Ke2 Kc2 67. Qc8+ Kb3 68. Qc5 Kb2 69. Qc4 g5 70. Kd1 Kb1 71. Qb3+ Ka1 72. Kc2
d1=Q+ 73. Kxd1 Bb2 74. Kc2 Bc1 75. Qb1# 1-0

[Event "Guernsey Open"]
[Site "Guernsey"]
[Date "2001.10.26"]
[Round "6"]
[White "Dennis, Nigel"]
[Black "McDonnell, James"]
[Result "0-1"]
[WhiteElo "2070"]
[BlackElo "2050"]
[PlyCount "72"]
[EventDate "2001.10.21"]

1. e4 c5 2. Nf3 Nc6 3. d4 cxd4 4. Nxd4 Nf6 5. Nc3 d6 6. Be2 e6 7. O-O Be7 8.
Be3 a6 9. a4 O-O 10. f4 Qc7 11. Qe1 Re8 12. Qg3 Nb4 13. Bd3 b6 14. Rac1 Bb7 15.
Qh3 Nxd3 16. cxd3 Qd7 17. f5 e5 18. Nf3 b5 19. g4 b4 20. Ne2 Rec8 21. g5 Rxc1
22. Rxc1 Ne8 23. Kf2 Rc8 24. Rg1 Rc2 25. Rg4 g6 26. Rh4 h5 27. gxh6 Bxh4+ 28.
Qxh4 gxf5 29. Bg5 Qe6 30. Bd8 fxe4 31. dxe4 Qg6 32. Ng5 f6 33. h7+ Kh8 34. Ne6
Bxe4 35. Nf8 Qg2+ 36. Ke3 Qxe2# 0-1

[Event "Guernsey Open"]
[Site "Guernsey"]
[Date "2001.10.27"]
[Round "7"]
[White "Hillarp Persson, Tiger"]
[Black "Corkett, Anthony"]
[Result "1/2-1/2"]
[WhiteElo "2450"]
[BlackElo "2300"]
[PlyCount "43"]
[EventDate "2001.10.21"]

1. c4 e5 2. Nc3 Nc6 3. Nf3 Nf6 4. d3 d6 5. g3 g6 6. Bg2 Bg7 7. Rb1 O-O 8. O-O
Be6 9. b4 Qc8 10. Bg5 Ne7 11. Re1 h6 12. Bxf6 Bxf6 13. b5 Bg7 14. Qc2 c5 15.
Nd2 Qd7 16. Nd5 Bxd5 17. Bxd5 Nxd5 18. cxd5 f5 19. Kg2 Rac8 20. e4 h5 21. f3
Rf6 22. Rf1 1/2-1/2

[Event "Guernsey Open"]
[Site "Guernsey"]
[Date "2001.10.27"]
[Round "7"]
[White "Lalic, Susan"]
[Black "Gormally, Daniel"]
[Result "1-0"]
[WhiteElo "2351"]
[BlackElo "2505"]
[PlyCount "55"]
[EventDate "2001.10.21"]

1. e4 c5 2. Nc3 Nc6 3. g3 g6 4. Bg2 Bg7 5. d3 d6 6. Be3 Rb8 7. Qd2 b5 8. Nge2
Nd4 9. O-O h5 10. h3 Bxh3 11. Bxd4 cxd4 12. Bxh3 dxc3 13. bxc3 Nf6 14. a4 Bh6
15. f4 Qb6+ 16. Kg2 bxa4 17. Rxa4 O-O 18. Rfa1 e5 19. Rxa7 d5 20. R1a6 Qd8 21.
Qe3 dxe4 22. dxe4 Rb2 23. Qc1 Rb5 24. Qe3 Rb1 25. Qd3 Ng4 26. Rd7 Qb8 27. Bxg4
hxg4 28. f5 1-0

[Event "Guernsey Open"]
[Site "Guernsey"]
[Date "2001.10.27"]
[Round "7"]
[White "Van Voorthuijsen, PW.."]
[Black "Arkell, Keith"]
[Result "0-1"]
[WhiteElo "2319"]
[BlackElo "2457"]
[PlyCount "62"]
[EventDate "2001.10.21"]

1. d4 Nf6 2. c4 e6 3. g3 Bb4+ 4. Bd2 Qe7 5. Bg2 Nc6 6. Nf3 Bxd2+ 7. Nbxd2 d6 8.
O-O a5 9. e4 e5 10. d5 Nb8 11. Ne1 O-O 12. Nd3 c6 13. f4 Nfd7 14. Qh5 Na6 15.
Rae1 Nb4 16. Nc1 Nc2 17. Re2 Nd4 18. Ref2 exf4 19. Rxf4 Ne5 20. h3 a4 21. Qd1
c5 22. Re1 Bd7 23. Re3 b5 24. Rc3 Rfb8 25. Rf2 Qg5 26. Nd3 b4 27. Nxe5 bxc3 28.
Nxd7 Rxb2 29. Qf1 cxd2 30. e5 Qe3 31. e6 Qxf2+ 0-1

[Event "Guernsey Open"]
[Site "Guernsey"]
[Date "2001.10.27"]
[Round "7"]
[White "Van Dijk, Bram"]
[Black "Webster, Andrew"]
[Result "0-1"]
[WhiteElo "2243"]
[BlackElo "2413"]
[PlyCount "82"]
[EventDate "2001.10.21"]

1. e4 g6 2. d4 Bg7 3. Nc3 c6 4. g3 d5 5. exd5 cxd5 6. Bg2 e6 7. Nf3 Nc6 8. O-O
Nge7 9. Bf4 O-O 10. Ne2 b5 11. Qd2 a5 12. h4 Ba6 13. c3 b4 14. a4 Nf5 15. Rfe1
Nd6 16. Bxd6 Qxd6 17. Nc1 Rab8 18. Nd3 Rb6 19. Nfe5 Nxe5 20. Nxe5 Rfb8 21. Qf4
f6 22. Ng4 Qxf4 23. gxf4 Kf7 24. Rac1 Rc8 25. cxb4 Rxb4 26. Rxc8 Bxc8 27. Rc1
Bd7 28. Rc7 Ke8 29. Bf1 f5 30. Ne5 Bxe5 31. fxe5 Rxd4 32. Bb5 Bxb5 33. axb5 Rb4
34. Rxh7 Rxb5 35. Rg7 d4 36. f4 Rxb2 37. Rxg6 d3 38. Rxe6+ Kf7 39. Rd6 d2 40.
Kf1 a4 41. Ke2 a3 0-1

[Event "Guernsey Open"]
[Site "Guernsey"]
[Date "2001.10.27"]
[Round "7"]
[White "Bellin, Robert"]
[Black "Havenaar, Jan"]
[Result "1/2-1/2"]
[WhiteElo "2359"]
[BlackElo "2235"]
[PlyCount "98"]
[EventDate "2001.10.21"]

1. e4 c5 2. Nf3 Nf6 3. e5 Nd5 4. Nc3 Nxc3 5. dxc3 Qc7 6. Bf4 e6 7. Qd2 Nc6 8.
O-O-O h6 9. h4 b6 10. Qe3 Bb7 11. Nd2 Ne7 12. Bh2 Nf5 13. Qh3 d5 14. exd6 Bxd6
15. Bb5+ Bc6 16. Qf3 Rc8 17. Bxc6+ Qxc6 18. Ne4 Bxh2 19. Rxh2 Qc7 20. Rh3 h5
21. Ng3 Nxg3 22. Rxg3 Qe5 23. Rg5 Qf6 24. Qd3 Rd8 25. Qxd8+ Qxd8 26. Rxd8+ Kxd8
27. Rxg7 Ke7 28. c4 Rh6 29. Kd2 Kf6 30. Rg5 Rg6 31. Rxh5 Rxg2 32. Ke3 Rg4 33.
b3 Kg6 {(=)} 34. Rh8 Kf5 35. h5 Re4+ 36. Kf3 Rf4+ 37. Kg3 Rg4+ 38. Kh3 Rf4 39.
h6 Kg6 40. Kg3 Rd4 41. Ra8 Rd7 42. Rh8 f6 43. Kf3 Rh7 44. Re8 Kf5 45. a4 Rxh6
46. Re7 Rh3+ 47. Ke2 Rc3 48. Kd2 Rf3 49. Ke2 Rc3 1/2-1/2

[Event "Guernsey Open"]
[Site "Guernsey"]
[Date "2001.10.27"]
[Round "7"]
[White "Burrows, Martin"]
[Black "Doell, Detlef"]
[Result "1/2-1/2"]
[WhiteElo "2157"]
[BlackElo "2108"]
[PlyCount "56"]
[EventDate "2001.10.21"]

1. e4 c5 2. Nf3 d6 3. d4 cxd4 4. Nxd4 Nf6 5. Nc3 a6 6. Bc4 e6 7. Bb3 Nc6 8. Be3
Qc7 9. O-O Be7 10. f4 Bd7 11. f5 Nxd4 12. Bxd4 b5 13. fxe6 fxe6 14. Bxf6 Bxf6
15. Qh5+ Ke7 16. Kh1 Qc5 17. Qg4 Qg5 18. Qh3 Be5 19. Rf3 h5 20. Raf1 Raf8 21.
Nd1 Qg4 22. Qxg4 hxg4 23. Rxf8 Rxf8 24. Rxf8 Kxf8 25. c3 g3 26. hxg3 Bxg3 27.
Kg1 Ke7 28. Kf1 Bc6 1/2-1/2

[Event "Guernsey Open"]
[Site "Guernsey"]
[Date "2001.10.27"]
[Round "7"]
[White "Von Saldern, Ruediger"]
[Black "Gunter, David"]
[Result "0-1"]
[WhiteElo "2133"]
[BlackElo "2136"]
[PlyCount "76"]
[EventDate "2001.10.21"]

1. d4 Nf6 2. Nf3 g6 3. Bg5 Bg7 4. Nbd2 d5 5. e3 O-O 6. Be2 Nbd7 7. O-O Qe8 8.
c4 e5 9. Bxf6 Bxf6 10. dxe5 Nxe5 11. Nxe5 Qxe5 12. Rb1 Bf5 13. Nf3 Qe7 14. Bd3
Be4 15. cxd5 Bxd5 16. b3 Rad8 17. Qe2 Rd6 18. Bc4 Be4 19. Rbd1 Rfd8 20. Rxd6
Qxd6 21. a4 c6 22. Qa2 Rd7 23. Ne1 Qb4 24. Nf3 a6 25. Nd4 Bxd4 26. exd4 Bd5 27.
Qe2 Bxc4 28. Qe8+ Kg7 29. bxc4 Re7 30. Qd8 Re1 31. g3 Rxf1+ 32. Kxf1 Qxc4+ 33.
Kg2 Qd5+ 34. Qxd5 cxd5 35. a5 Kf6 36. Kf3 Ke6 37. Ke3 Kd6 38. Kd3 Kc6 0-1

[Event "Guernsey Open"]
[Site "Guernsey"]
[Date "2001.10.27"]
[Round "7"]
[White "Janse, Jan Jaap"]
[Black "Buckley, Graeme"]
[Result "0-1"]
[WhiteElo "2272"]
[BlackElo "2409"]
[PlyCount "52"]
[EventDate "2001.10.21"]

1. d4 Nf6 2. Bg5 Ne4 3. Bf4 c5 4. f3 Qa5+ 5. c3 Nf6 6. dxc5 Qxc5 7. Bxb8 Rxb8
8. Qd4 Qc7 9. e4 e5 10. Qc4 Qb6 11. Nd2 Bc5 12. Nh3 O-O 13. Nb3 Be3 14. Rd1 d5
15. exd5 Bxh3 16. gxh3 Nh5 17. Be2 Nf4 18. d6 a6 19. Qe4 Rbd8 20. Bd3 g6 21.
Bc4 Rxd6 22. Rxd6 Qxd6 23. a4 Rd8 24. Be2 Qf6 25. Kf1 Ba7 26. Qxb7 Qg5 0-1

[Event "Guernsey Open"]
[Site "Guernsey"]
[Date "2001.10.27"]
[Round "7"]
[White "Ballon, Guenther Jan"]
[Black "Deva, Chetan"]
[Result "1/2-1/2"]
[WhiteElo "2220"]
[BlackElo "2075"]
[PlyCount "51"]
[EventDate "2001.10.21"]

1. d4 Nf6 2. c4 g6 3. f3 d5 4. cxd5 Nxd5 5. e4 Nb6 6. Nc3 Bg7 7. Be3 O-O 8. Qd2
Nc6 9. Rd1 e5 10. d5 Nd4 11. Nb5 Nxb5 12. Bxb5 Bd7 {(=)} 13. Bd3 Qe7 14. Rc1
Rfc8 15. Ne2 c6 16. dxc6 Bxc6 17. O-O Rd8 18. Qc2 Nd7 19. Rfd1 Nf8 20. Bc4 Ne6
21. Bxe6 Qxe6 22. Nc3 b6 23. Rxd8+ Rxd8 24. Rd1 Bf6 25. Rxd8+ Bxd8 26. Qd3
1/2-1/2

[Event "Guernsey Open"]
[Site "Guernsey"]
[Date "2001.10.27"]
[Round "7"]
[White "Lock, Gavin"]
[Black "White, Kevin"]
[Result "0-1"]
[WhiteElo "2153"]
[BlackElo "2059"]
[PlyCount "62"]
[EventDate "2001.10.21"]

1. Nf3 Nc6 2. d4 d5 3. Bf4 Bf5 4. e3 e6 5. c4 Nb4 6. Na3 c6 7. Be2 dxc4 8. O-O
Nd5 9. Nxc4 Nxf4 10. exf4 Qc7 11. Qb3 Be7 12. Ne3 Be4 13. f5 Bd5 14. Bc4 Nh6
15. fxe6 fxe6 16. Rac1 Qb6 17. Qc2 O-O 18. Nxd5 exd5 19. Bd3 Rxf3 20. Bxh7+ Kh8
21. gxf3 Qxd4 22. Rfe1 Bd6 23. Qg6 Qf4 24. Rc2 Qxh2+ 25. Kf1 Nf5 26. Qxf5 Qh1+
27. Ke2 Re8+ 28. Kd3 Rxe1 29. Bg6 Qf1+ 30. Kd4 Rd1+ 31. Ke3 d4+ 0-1

[Event "Guernsey Open"]
[Site "Guernsey"]
[Date "2001.10.27"]
[Round "7"]
[White "Goldberg, Menashe"]
[Black "Taylor, Mark V"]
[Result "0-1"]
[WhiteElo "2046"]
[BlackElo "2133"]
[PlyCount "56"]
[EventDate "2001.10.21"]

1. e4 c5 2. Nc3 e6 3. f4 d5 4. e5 Nc6 5. Nf3 Bd7 6. Be2 Nh6 7. O-O Nf5 8. Bd3
g6 9. b3 h5 10. Bb2 a6 11. Bxf5 gxf5 12. Nxd5 Be7 13. Nf6+ Bxf6 14. exf6 Qc7
15. Ne5 Nxe5 16. fxe5 Bc6 17. Qe2 O-O-O 18. Rf2 Rdg8 19. h3 Rg3 20. Kh2 Rhg8
21. Rg1 R8g6 22. d3 h4 23. Bc1 Rxf6 24. Bf4 Rfg6 25. Qh5 Qd8 26. Qe2 Qd5 27.
Qf1 Qd4 28. Rd2 Rf3 0-1

[Event "Guernsey Open"]
[Site "Guernsey"]
[Date "2001.10.27"]
[Round "7"]
[White "Kemp, Paul M"]
[Black "Westerman, Henk"]
[Result "1/2-1/2"]
[WhiteElo "2032"]
[BlackElo "2156"]
[PlyCount "73"]
[EventDate "2001.10.21"]

1. d4 e6 2. Nf3 f5 3. g3 Nf6 4. Bg2 c6 5. O-O d5 6. c4 Bd6 7. b3 Qe7 8. Bb2 O-O
9. Nbd2 b6 10. Ne5 Bb7 11. Ndf3 Nbd7 12. Nd3 Rac8 13. Nfe5 c5 14. Rc1 Rc7 15.
e3 Rfc8 16. f3 Ba6 17. Re1 cxd4 18. exd4 dxc4 19. Nxc4 Bxc4 20. bxc4 Rxc4 21.
Rxc4 Rxc4 22. Qb3 b5 23. Qxb5 Nb6 24. f4 Bb4 25. Re2 Qd6 26. d5 a6 27. Qxa6
Nfxd5 28. Bxd5 Bc5+ 29. Nxc5 Qxc5+ 30. Kf1 exd5 31. Qa7 Qc7 32. Re7 Qxa7 33.
Rxa7 d4 34. Rb7 Na4 35. Ba3 Rc2 36. Rb4 Nc5 37. Rxd4 1/2-1/2

[Event "Guernsey Holiday"]
[Site "St Peter Port GCI"]
[Date "2003.10.19"]
[Round "1"]
[White "Wood, PC.."]
[Black "Draaisma, G.."]
[Result "1-0"]
[WhiteElo "1664"]
[BlackElo "1405"]
[PlyCount "69"]
[EventDate "2003.10.19"]

1. d4 Nf6 2. c4 e5 3. dxe5 Ng4 4. Bf4 Bc5 5. e3 Qe7 6. Qxg4 Bb4+ 7. Nd2 Bxd2+
8. Kxd2 O-O 9. a3 Nc6 10. Nf3 d6 11. exd6 cxd6 12. Qg3 Qf6 13. Rb1 Be6 14. Bd3
Bf5 15. Bxf5 Qxf5 16. Nd4 Qf6 17. Nxc6 bxc6 18. Bxd6 Rfd8 19. c5 a5 20. Ke2 Qe6
21. Rhc1 a4 22. Kf1 Ra7 23. Qe5 Qg6 24. Rd1 h5 25. Qg3 Qc2 26. Qg5 Rad7 27.
Qxh5 Rxd6 28. cxd6 Rxd6 29. Rbc1 Rxd1+ 30. Rxd1 Qc4+ 31. Kg1 Kf8 32. Qh8+ Ke7
33. Qd8+ Ke6 34. Qd6+ Kf5 35. Qd3+ 1-0